00829nam a2200253 i 4500001000300000003000400003005001700007008003900024015001700063040001400080041000800094080002600102080002600128100003100154245007400185260007400259300002600333600003700359650003900396648001400435648001400449655001400463856009800477bgBPK20240405063041.0030729s1975 pl |000 0bpol aPB 1975/4146 aWA NcBPK0 apol a329:323.3-057.2(438)  a929-052(438)"18/19" 1 aMichta, Norbertd(1923- ).10aJulian Marchlewski :bPolska : naród : socjalizm /cNorbert Michta. aWarszawa :bPańst. Wydaw. Naukowe,c1975f(Łódz. Druk. Dzieł.). a461, [3] s. ;c20 cm.14aMarchlewski, Juliand(1866-1925) 4aRuchy społecznezPolskay19-20 w. 4a1801-1900 4a1901-2000 4aBiografia uhttp://koha.tu.koszalin.pl/cgi-bin/koha/opac-detail.pl?biblionumber=26819yKatalog online BPK